Ordenanza de aduanas y otras normas anexas. Actualizada hasta la Ley Nº 21.713.

محفوظ في:
التفاصيل البيبلوغرافية
المؤلف الرئيسي: Vendrell Buffo, Monserrat Sofía (autora)
التنسيق: غير معروف
منشور في: Santiago, Chile: Thomson Reuters, 2025.
الطبعة:Cuarta edición.
الموضوعات:
الوسوم: إضافة وسم
لا توجد وسوم, كن أول من يضع وسما على هذه التسجيلة!

MARC

LEADER 00000 a2200000 4500
003 CL-VaPUC
005 20250509154553.0
008 250502t2025 ||||| |||| 00| 0 spa d
999 |c 449250  |d 449248 
020 |a 978-956-400-652-9 
040 |c Pontificia Universidad Católica de Valparaíso 
082 7 |2 22  |a 343.83056 VEN 2025 
100 |a Vendrell Buffo, Monserrat Sofía   |9 878704  |e autora 
245 |a Ordenanza de aduanas y otras normas anexas.   |b Actualizada hasta la Ley Nº 21.713.  
250 |a Cuarta edición. 
260 |a Santiago, Chile:  |b Thomson Reuters,   |c 2025. 
300 |a v, 482 páginas.  
505 |a Incorpora modificaciones de Ley Nº21.713. Fortalecimiento y modernización de Servicio Nacional de Aduanas. Cambios normativos en Ordenanza de Aduanas. Carta de Derechos para dueños, consignantes y consignatarios. 
583 |c 20250502 
650 |a Aduanas   |x Ordenanza  |x Ley 21.713  |z Chile  |9 902549 
942 |2 ddc  |c BK 
952 |0 0  |1 0  |2 ddc  |4 0  |6 343_830560000000000_VEN_2025  |7 0  |8 A  |9 602850  |a BIBDER  |b BIBDER  |d 2025-05-02  |e 31  |g 0.00  |i 5667330  |o 343.83056 VEN 2025  |p 5667330  |r 2025-05-02  |t 1  |v 0.00  |w 2025-05-02  |y BK  |k DER